Men's 100-Meter Dash World Leads by Year - Statistics

General Stats
  • This quiz has been taken 68 times
  • The average score is 25 of 44
Answer Stats
Year Sprinter Time Country % Correct
2013 Usain Bolt 9.77 Jamaica
100%
2012 Usain Bolt 9.63 Jamaica
100%
2011 Usain Bolt 9.76 Jamaica
100%
2009 Usain Bolt 9.58 Jamaica
100%
2008 Usain Bolt 9.69 Jamaica
100%
1991 Carl Lewis 9.86 United States
82%
1988 Carl Lewis 9.92 United States
82%
1987 Carl Lewis 9.93 United States
82%
1985 Carl Lewis 9.98 United States
82%
1982 Carl Lewis 10.00 United States
82%
1981 Carl Lewis 10.00 United States
82%
2016 Justin Gatlin 9.80 United States
82%
2015 Justin Gatlin 9.74 United States
82%
2014 Justin Gatlin 9.77 United States
82%
2004 Justin Gatlin 9.85 United States
82%
2007 Asafa Powell 9.74 Jamaica
71%
2006 Asafa Powell 9.77 Jamaica
71%
2005 Asafa Powell 9.77 Jamaica
71%
2010 Tyson Gay 9.78 United States
71%
1993 Linford Christie 9.87 United Kingdom
64%
2002 Maurice Greene 9.89 United States
64%
2001 Maurice Greene 9.82 United States
64%
2000 Maurice Greene 9.86 United States
64%
1999 Maurice Greene 9.79 United States
64%
1997 Maurice Greene 9.86 United States
64%
1996 Donovan Bailey 9.84 Canada
60%
1995 Donovan Bailey 9.91 Canada
60%
2003 Patrick Johnson 9.93 United States
51%
2017 Christian Coleman 9.82 United States
40%
2010 Nesta Carter 9.78 Jamaica
40%
1983 Calvin Smith 9.93 United States
36%
1998 Ato Boldon 9.86 Trinidad & Tobago
33%
1994 Leroy Burrell 9.85 United States
29%
1990 Leroy Burrell 9.96 United States
29%
1989 Leroy Burrell 9.94 United States
29%
1979 Pietro Mennea 10.01 Italy
24%
1978 Steve Williams 10.07 United States
9%
1978 Clancy Edwards 10.07 United States
7%
1977 Silvio Leonard 9.98 Cuba
7%
1986 Chidi Imoh 10.00 Nigeria
4%
1992 Michael Marsh 9.93 United States
4%
1978 Eddie Hart 10.07 United States
2%
1980 James Sanford 10.02 United States
2%
1984 Mel Lattany 9.96 United States
0%
No matching quizzes found
Score Distribution
Percent of People with Each Score
Percentile by Number Answered
Your Score History
You have not taken this quiz